LEADER 00871nam a2200265 i 4500 001 991001709139707536 005 20020503152730.0 008 000908s1961 fr ||| | fre 035 $ab1026176x-39ule_inst 035 $aEXGIL90157$9ExL 040 $aBiblioteca Interfacoltà$bita 082 0 $a111.6 100 1 $aGrenier, Jean$0160918 245 10$aAbsolu et choix /$cJean Grenier 260 $aParis :$bPresses universitaires de France,$c1961 300 $a115 p. ;$c18 cm. 650 4$aDeterminismo 650 4$aLibertà 907 $a.b1026176x$b02-04-14$c27-06-02 912 $a991001709139707536 945 $aLE002 111.6 GRE 945 $aLE002 Fil. I L 26$g1$i2002000402264$lle002$o-$pE0.00$q-$rl$s- $t0$u1$v0$w1$x0$y.i10312316$z27-06-02 996 $aAbsolu et choix$9211403 997 $aUNISALENTO 998 $ale002$b01-01-00$cm$da $e-$ffre$gfr $h0$i1 LEADER 01276nam 2200433 450 001 9910828116703321 005 20231110232623.0 035 $a(CKB)3780000000047231 035 $a(MiAaPQ)EBC6150653 035 $a(Au-PeEL)EBL6150653 035 $a(OCoLC)1148886381 035 $a(EXLCZ)993780000000047231 100 $a20220523d2014 uy 0 101 0 $afre 135 $aurcnu|||||||| 181 $ctxt$2rdacontent 182 $cc$2rdamedia 183 $acr$2rdacarrier 200 10$aAbufar Ou la Famille Arabe $eJean-Francois Ducis - Suivi de Sa Parodie /$fMartial Poirson, Florence Filippi and Jacqueline Razgonnikoff 210 1$aParis :$cL'Harmattan,$d[2014] 210 4$d©2014 215 $a1 online resource (302 pages) 225 1 $aAutrement Me?mes 311 $a2-343-02481-2 311 $a2-336-33421-6 410 0$aAutrement Me?mes 606 $aFrench literature 615 0$aFrench literature. 676 $a840.8 700 $aPoirson$b Martial$01160018 702 $aFilippi$b Florence$f1977- 702 $aRazgonnikoff$b Jacqueline 801 0$bMiAaPQ 801 1$bMiAaPQ 801 2$bMiAaPQ 906 $aBOOK 912 $a9910828116703321 996 $aAbufar Ou la Famille Arabe$94038394 997 $aUNINA